Qué es la política : política y moral, prolegómenos a un estudio científico del fascismo, terrorismo y estado de excepción /
Guardado en:
| Autor Principal: | |
|---|---|
| Otros Autores: | , |
| Formato: | Desconocido |
| Idioma: | Spanish |
| Publicado: |
Bahía Blanca :
Ediuns,
2010.
|
| Edición: | 3a. ed. |
| Series: | Serie Docencia
|
| Materias: | |
| Etiquetas: |
Agregar Etiqueta
Sin Etiquetas, Sea el primero en etiquetar este registro!
|
| LEADER | 00778nac a22002055a 4500 | ||
|---|---|---|---|
| 001 | DER.der015140 | ||
| 008 | 250220s2010####ag#####|###|#|######spa|| | ||
| 005 | 20260202074700.0 | ||
| 245 | 1 | 0 | |a Qué es la política : |b política y moral, prolegómenos a un estudio científico del fascismo, terrorismo y estado de excepción / |c Julien Freund, Alain Benoist ; traducido por Néstor Luis Montezanti. |
| 250 | |a 3a. ed. | ||
| 260 | |a Bahía Blanca : |b Ediuns, |c 2010. | ||
| 300 | |a 238 p. | ||
| 440 | 0 | |a Serie Docencia | |
| 020 | |a 9789871648061 | ||
| 100 | 1 | |a Freund, Julien | |
| 700 | 1 | |a Benoist, Alain de | |
| 700 | 1 | |a Montezanti, Néstor Luis, |e trad. | |
| 650 | 7 | |a CIENCIA POLITICA | |
| 859 | |a DERECHO |b BIB. DERECHO |h 320.07 |i FRE |p 009947 | ||
| 859 | |a DERECHO |b BIB. DERECHO |h 320.07 |i FRE |p 0010748 |t 1 | ||
